000 00534nam a2200157 a 4500
001 000031767
005 20200930063150.0
008 110701s2000 dr a 000 0 spa d
040 _aDO-SdBNP
_bspa
_cBNPHU
245 0 0 _aLiderazgo y autoestima con visión de género /
_cCecilia Corporán.
260 _aSanto Domingo :
_bInstituto de la Mujer de España,
_c2000.
300 _a16 p. :
_bil. ;
_c28 cm.
490 1 _aCuaderno popular educativo
_v2
700 1 _aCorporán, Cecilia
_957999
830 0 _aCuaderno popular educativo
_v2
_958000
999 _c31259
_d31259